| 000 | 00858nam a22002417a 4500 | ||
|---|---|---|---|
| 003 | OSt | ||
| 005 | 20180911085540.0 | ||
| 008 | 180220b xxu||||| |||| 00| 0 spa d | ||
| 040 | _cPJ | ||
| 100 |
_92147 _aCondorelli, Epifanio J. L. |
||
| 245 | 1 | 3 |
_aEl recurso de queja / _cEpifanio J. Condorelli; prólogo de Augusto M. Morello. |
| 260 |
_aLa Plata : _cLep, _b1979. |
||
| 300 |
_a176 p. _c23 cm. |
||
| 500 | _aNotas y citas bibliográficas a pie de página. | ||
| 504 | _aBibliografía: p. 173-176. | ||
| 650 | 0 |
_9267 _aDERECHO PROCESAL |
|
| 650 | 0 |
_9178 _aDERECHO CONSTITUCIONAL |
|
| 650 | 0 |
_92102 _aRECURSO DE QUEJA (PROCESAL) |
|
| 650 | 0 |
_92160 _aQUEJA POR RECURSO DENEGADO |
|
| 650 | 0 |
_92161 _aQUEJA POR DENEGACIÓN DEL RECURSO EXTRAORDINARIO |
|
| 700 |
_995 _aMorello, Augusto Mario _eprologuista |
||
| 942 |
_2udc _cLIB _h347.957 _iCON |
||
| 999 |
_c1441 _d1441 |
||